Learning desire : perspectives on pedagogy, culture, and the unsaid /

Bibliographic Details
Other Authors: Todd, Sharon, 1962-
Format: Book
Language:English
Published: New York : Routledge, 1997.
Subjects:

MARC

Tag First Indicator Second Indicator Subfields
LEADER 00000cam a2200000 a 4500
001 in00001403378
005 20151020055508.0
008 970304s1997 nyu b 001 0 eng
010 |a  97011238  
020 |a 0415917662 
020 |a 0415917670 (pbk.) 
035 |a (OCoLC)36510029 
035 |9 AHN4616AM 
040 |a DLC  |c DLC  |d TXA  |d UtOrBLW 
049 |a TXAM 
050 0 0 |a LC196  |b .L43 1997 
082 0 0 |a 370.11/5  |2 21 
245 0 0 |a Learning desire :  |b perspectives on pedagogy, culture, and the unsaid /  |c edited by Sharon Todd. 
264 1 |a New York :  |b Routledge,  |c 1997. 
300 |a 276 pages ;  |c 24 cm. 
336 |a text  |b txt  |2 rdacontent 
337 |a unmediated  |b n  |2 rdamedia 
338 |a volume  |b nc  |2 rdacarrier 
504 |a Includes bibliographical references and index. 
650 0 |a Critical pedagogy. 
650 0 |a Desire. 
650 0 |a Feminism and education. 
650 0 |a Teacher-student relationships. 
650 0 |a Learning, Psychology of. 
700 1 |a Todd, Sharon,  |d 1962- 
948 |a c:ce 
999 |a MARS 
999 f f |s 8e9ae962-9af8-3170-b13f-9be3dd245be7  |i 08cf37d2-d722-38c1-a440-e8c4cc5d17da  |t 0 
952 f f |p normal  |a Texas A&M University  |b College Station  |c Sterling C. Evans Library  |d Evans: Library Stacks  |t 0  |e LC196 .L43 1997  |h Library of Congress classification  |i unmediated -- volume  |m A14822134903 
998 f f |a LC196 .L43 1997  |t 0  |l Evans: Library Stacks